Normal view
MARC view
Entry Meeting Name
001 - CONTROL NUMBER
- control field: 366207
003 - CONTROL NUMBER IDENTIFIER
- control field:
005 - DATE AND TIME OF LATEST TRANSACTION
- control field: 20210602111947.0
008 - FIXED-LENGTH DATA ELEMENTS
- fixed length control field: 210602|| aca||aabn | a|a d
040 ## - CATALOGING SOURCE
- Original cataloging agency:
- Transcribing agency:
111 ## - HEADING--MEETING NAME
- Meeting name or jurisdiction name as entry element: Conferance "Surviving with High Public Debt: Lessons from the Italian Experience
- Date of meeting or treaty signing: (1987 Jun 15-16 :
- Location of meeting: Castelgandolfo, Italy)
670 ## - SOURCE DATA FOUND
- Source citation: Work cat.: (): High public debt :, c1988
